000 00377nam a22001697a 4500
003 MPLRDC
005 20220104143014.0
008 210129b ||||| |||| 00| 0 eng d
082 _a177.2 LJL
100 _a李进来编译
245 _a盖世风云术
_c
250 _a二版
260 _a
_b世一书局
_c1980
300 _b
650 _a
942 _cBK
_o177.2 LJL
999 _c35708
_d35698